000 00801nam a22002537a 4500
999 _c14654
_d14654
003 AR-CdUCM
008 190424b ||||| |||| 00| 0 spa d
020 _a84-9825-064-1
040 _aMUNICIPALIDAD PROVINCIAL DEL CUSCO
_cBIBLIOTECA MUNICIPAL DEL CUSCO
082 _aPI / 376.1 /
_bIN63
110 _aCombel
_932671
245 _aEl invierno :
_bPega, dibuja y colorea /
260 _aBarcelona :
_bCombel,
_c2006.
300 _bilustraciones,
_c19 cm.
440 _aImagina.
_n2
_933519
500 _aTexto contiene stickers.
650 _aAprendizaje infantil
_933271
650 _aDesarrollo infantil
_925147
700 _aMartínez. Eulalia
_933492
700 _aAlier, Moíra (editores)
_933493
710 _aCombel Editorial.
_933005
942 _2ddc
_cLIBROS
945 _aachl
_d2019-04-24